La población (Registro nro. 5752)

Detalles MARC
000 -LEADER
fixed length control field 01707 a2200205 4500
001 - CONTROL NUMBER
control field 54730
005 - DATE AND TIME OF LATEST TRANSACTION
control field 20260407155822.0
008 - FIXED-LENGTH DATA ELEMENTS--GENERAL INFORMATION
fixed length control field 260407a1968 arg spa d
003 - CONTROL NUMBER IDENTIFIER
control field AR-UNSa-BCEJYS
040 ## - CATALOGING SOURCE
Original cataloging agency AR-UNSa-BCEJYS
Language of cataloging spa
Transcribing agency AR-UNSa-BCEJYS
080 ## - UNIVERSAL DECIMAL CLASSIFICATION NUMBER
Universal Decimal Classification number 327
Common auxiliary subdivision Relaciones internacionales. Política internacional. Asuntos internacionales. Política exterior<br/>
100 1# - MAIN ENTRY--PERSONAL NAME
Personal name Petersen, William
245 10 - TITLE STATEMENT
Title La población
Name of part/section of a work un análisis actual
264 #1 - PRODUCTION, PUBLICATION, DISTRIBUTION, MANUFACTURE, AND COPYRIGHT NOTICE
Place of production, publication, distribution, manufacture Madrid :
Name of producer, publisher, distributor, manufacturer Tecnos
Date of production, publication, distribution, manufacture, or copyright notice 1968
300 ## - PHYSICAL DESCRIPTION
Extent 578 p.
Dimensions 23 cm.
505 ## - FORMATTED CONTENTS NOTE
Formatted contents note I. La población como campo de estudio - Primera parte: La población de los Estados Unidos - II. El crecimiento de la población: Perspectiva general - III. Fuentes de los datos demográficos - IV. La estructura de sexos y edades - V. La política de imigración norteamericana - VI. El desarrollo de una población nacional - VII. La migración interna - VIII. Urbanismo y urbanización - IX. Familia y fertilidad - X. Morbilidad y mortalidad - XI. Previsiones en torno a la población - Segunda parte: La población en varios tipos de sociedad - XII. La población de las sociedades primitivas - XIII. La población de las civilizaciones preindustriales - XIV. La población durante la revolución industrial - XV. La población de las sociedades totalitarias - XVI. La población de los países subdesarrollados - Tercera parte: Los determinantes generales de la población - XVII. La teoría maltusiana y su evolución - XVIII. Los determinantes generales de la fertilidad - XIX. Los determinantes generales de la mortalidad - XX. Los determinantes generales de la migración
590 ## - LOCAL NOTE (RLIN)
Local note niveau_biblio:m niveau_hierar:0
700 1# - ADDED ENTRY--PERSONAL NAME
Personal name Cazorla Perez, Jose
942 ## - ADDED ENTRY ELEMENTS (KOHA)
Koha item type
Existencias
Withdrawn status Lost status Damaged status Not for loan Home library Current library Shelving location Date acquired Total checkouts Full call number Barcode Date last seen Price effective from Koha item type
        Biblioteca Prof. Eusebio Cleto del Rey Biblioteca Prof. Eusebio Cleto del Rey   07/04/2026   327 P478 L25592 07/04/2026 07/04/2026 Libro
        Biblioteca Prof. Eusebio Cleto del Rey Biblioteca Prof. Eusebio Cleto del Rey   07/04/2026   327 P478 L25593 07/04/2026 07/04/2026 Libro
        Biblioteca Prof. Eusebio Cleto del Rey Biblioteca Prof. Eusebio Cleto del Rey   07/04/2026   327 P478 L25594 07/04/2026 07/04/2026 Libro